000
00293nam a22001097a 4500
008
230703b xxu||||| |||| 00| 0 eng d
082
_a
350
245
_a
Report of the Committee of Review into the Kenya Institute of Administration
_b
1978-79
260
_c
1979
300
_a
80p
942
_2
ddc
_c
BK
999
_c
3251
_d
3251